1377 1467 1999 1461 1742 1574 1998 1022 1544 1032 1191 1088 1476 1322 1158 1552 1757 1476 1679 1611 1668 1674 1802 1818 1578 1164 1312 1233 1416 1305 1561 1110 1876 1073 1524 1977 1870 1859 1347 1016 1527 1694 1434 1628 1484 1425 1790 1362 1122 1220 1119 1840 1847 1660 1373 1119 1857 1739 1741 1141 1299 1270 1103 1755 1067 1873 1172 1175 1409 1213 1511 1683 1145 1659 1789 1112 1368 1177 1013 1697 1908 1267 1282 1098 1278 1474 1644 1157 1580 1676 1618 1457 1170 1457 1567 1265 1724 1554 1976 BCNSPRNW ULIB Ver.6.0+V

เปลี่ยนเป็นภาษาไทย

Change to English
 แสดงรายละเอียดบรรณานุกรม
  กลับหน้าหลัก

Brief Record : Get Marc (ISO 2709) : E-mail record : QR code < ปิดหน้าต่าง
LEADER : 00000nam 2200000uu 4500
001    13399124171
003     ULIB
008    150123s2556||||th 000 0 tha d
020    ^a9786167350646
060  4 ^aQZ201^bช520อ
100    ^aชาตินิยม คล้ามไพบูลย์.
245    ^aอันนิก้า มะเร็งไออารี ของสาวสู้ชีวิต. /^cชาตินิยม คล้ามไพบูลย์.
250    ^aพิมพ์ครั้งที่ 1
260    ^aกรุงเทพฯ :^bคลื่นอักษร,^c2556
300    ^a192 หน้า;^b18.5 ซม.
650  4 ^aมะเร็ง
945    ^p185^l0^i038806
945    ^p185^l0^i038807
945    ^p185^l0^i038809
999    ^aเกษร โพธิ์สุวรรณ
รายการนี้ยังไม่มีแท็ก
คุณยังไม่ได้ล็อกอิน คุณสามารถมีกิจกรรมร่วมกับเว็บไซต์ได้ แต่ต้องล็อกอินก่อน ::
  ล็อกอิน

รายการสื่อสารสนเทศ

ลำดับที่ ประเภท เลขเรียก/บาร์โค้ด สถานที่ สถานะ
1. วิทยาศาสตร์การแพทย์ และสุขภาพ
หนังสือสำรอง
สถานะ=หนังสือสำรอง
QZ201 ช520อ ฉ.1 
  Barcode: 038806
ห้องสมุดวิทยาเขตสวรรค์ประชารักษ์
►ส่วนจัดเก็บหนังสือเก่า สปร
บนชั้น
  ขอยืม
2. วิทยาศาสตร์การแพทย์ และสุขภาพ
วิทยาศาสตร์การแพทย์ และสุขภาพ
QZ201 ช520อ ฉ.2 
  Barcode: 038807
ห้องสมุดวิทยาเขตสวรรค์ประชารักษ์
►ส่วนจัดเก็บหนังสือเก่า สปร
บนชั้น
  ขอยืม
3. วิทยาศาสตร์การแพทย์ และสุขภาพ
วิทยาศาสตร์การแพทย์ และสุขภาพ
QZ201 ช520อ ฉ.3 
  Barcode: 038809
ห้องสมุดวิทยาเขตสวรรค์ประชารักษ์
►ส่วนจัดเก็บหนังสือเก่า สปร
บนชั้น
  ขอยืม

รายการใกล้เคียง
    ผู้แต่ง [ชาตินิยม คล้ามไพบูลย์.]

    หัวเรื่อง [มะเร็ง]

BibComment


ยังไม่เคยถูกคอมเมนท์

คอมเมนท์ทรัพยากรรายการนี้
  คอมเมนท์: อันนิก้า มะเร็งไ..


 Copyright 2026. Bcnsprnw @Library